| 000 | 00813cab a2200265 4500 | ||
|---|---|---|---|
| 001 | ABS44411 | ||
| 008 | 090401t1991 xxu||||| |||| 00| 0 eng d | ||
| 035 | _a(Sirsi) u46963 | ||
| 041 | _aeng | ||
| 100 | _aHolden, R. | ||
| 245 | _aGreening the city | ||
| 260 | _c1991 | ||
| 350 | _a0 | ||
| 490 |
_aBuilding _vDesign (1027) 22 March 1991, 40 (1) |
||
| 520 | _aIn this discussion of the Commission of the European Communities " Green Paper on the urban environment " (EUR 12902 EN) (HMSO), the author looks at the implications for future urban development. | ||
| 650 | _aCOMMUNITY PLANNING | ||
| 650 | _aEC | ||
| 650 | _aGREEN ISSUES | ||
| 650 | _aLONDON | ||
| 650 | _aTRANSPORT | ||
| 650 | _aURBAN PLANNING | ||
| 690 | _aENVIRONMENTAL AND LAND CONSULTANCY | ||
| 942 | _n0 | ||
| 948 | _c04/03/1997 | ||
| 999 |
_c29623 _d29623 |
||